"Satelitní atlas pyramid"

Podrobná bibliografia
Hlavný autor: Hulínek, Drahoslav, 1973- (Autor)
Médium: Článok
Jazyk:slovenčina
Fyzický popis:Fotogr.
ISSN:1335-6550
Predmet:

MARC

LEADER 00000nab a2200000 a 4500
001 vtls009184120
003 SK-MaSNL
005 20260304160447.0
008 250507c2007 xo ||||||o| ||00 b|slo
015 |a SNBRB2008/02  |2 snkbucl 
035 |a (uuid)27c1796b-3ed5-4b20-baee-2203fdf818a8 
035 |a urn:nbn:sk:snk-ab1kpf 
035 |a (urnnbn)urn:nbn:sk:snk:ar-004brh 
038 |a SNKBUCL 
040 |a SNKBUCL  |b slo  |c SNKBUCL  |e AACR2 
041 0 |a slo 
044 |a xo  |c SK 
080 |a 902.2  |x (620)  |x (048)  |2 1997 
080 |a 778.35  |x (048)  |2 1997 
080 |a 656.7:902  |x (048)  |2 1997 
080 |a 726.85  |x (620)  |x (048)  |2 1997 
100 1 |a Hulínek, Drahoslav,  |d 1973-  |4 aut  |9 176304 
245 1 0 |a "Satelitní atlas pyramid"  |c Drahoslav Hulínek 
300 |b Fotogr. 
650 0 7 |a pyramídy  |2 snkbucl  |9 59070 
650 0 7 |a archeologické lokality  |2 snkbucl  |9 175886 
650 0 7 |a satelitné snímky  |2 snkbucl  |9 73845 
650 0 7 |a atlasy  |2 snkbucl  |9 70340 
651 7 |a Egypt  |2 snkbucl  |9 16952 
655 7 |a recenzie  |2 snkbucl  |9 21907 
773 0 |t Historická revue  |g Roč. XVIII, č. 12 (2007), s. 25  |x 1335-6550 
787 0 8 |i Rec.:  |a Bárta, Miroslav, 1969-  |t Satelitní atlas pyramid  |d Plzeň : Dryada, 2006  |z 8087025016 
787 0 8 |i Rec.:  |a Brůna, Vladimír, 1961-  |t Satelitní atlas pyramid  |d Plzeň : Dryada, 2006  |z 8087025016 
850 |a Slovenská národná knižnica 
852 |a Slovenská národná knižnica 
954 |a odborná, vedecká literatúra pôvodná (slovenská)  |2 lita 
958 |a article27 
958 |a RC 
958 |a CZ 
958 |a OND 
958 |a EUIPO 
999 |c 2967230  |d 2969160